(ランダム10問)ブルーアーカイブ-獲得時ボイス - Statistics

General Stats
  • This quiz has been taken 32 times
  • The average score is 7 of 10
Answer Stats
獲得時ボイス 生徒名 % Correct
お会いできて嬉しいです、先生~先生はどんなアイスが好きですか? アイリ
100%
ご主人様のメイド、○○○です。いえ…今はご主人様のウサギさん、と申し上げるべきでしょうか? アカネ(バニーガール)
100%
ご主人さ──あ、今は先生って呼んだ方がいいかな?楽しいこと、い~っぱいしようね! アスナ(制服)
100%
あら、今回はどんな依頼?それともビジネスの提案かしら?まあどちらにしても……来てくれて嬉しいわ、先生。 アル(ドレス)
100%
○○○、参上です!先生の……、いえ、主殿のお呼びを受けて、走って参りました~!にんにん! イズナ
100%
主殿!夏です、海です、○○○です!○○○と一緒に、たくさん遊んでくれますよね!?ニンニン! イズナ(水着)
100%
夏!夏だよ先生!今年の夏は私と一緒に、美味しいものをたくさん食べに行こう イズミ(水着)
100%
あれっ、迎えに来てくれたっすか?言ってくれたらこっちから向かったのに~。改めまして、トリニティ総合学園、正義実現委員会の○○○っす。よろしくっす! イチカ
100%
修行部のマスコット。ババンと登場!お待たせ先生!で、今日は何しよっか? カエデ
100%
ハーッハッハッハッ!そこに温泉があるから我々がいる!いや、たとえ温泉がなくとも我々がいる!さあ、発破の準備はできているぞ! カスミ
100%
ボーカルか……まぁ、こうなった以上頑張るよ。よろしくね、先生。 カズサ(バンド)
100%
新年だから、新しい服なだけ。今年もよろしくね、先生。 カヨコ(正月)
100%
ミレニアムサイエンススクールの○○○、準備はできてる。……こ、この服装、大丈夫そうか? カリン(制服)
100%
ヴァルキューレ警察学校、公安局局長の○○○です。犯罪者の尋問なら、お任せを。 カンナ
100%
ヴァルキューレ警察学校の○○○です!みなさん、手を上にあげて本官の指示に従ってください! キリノ
100%
こちらにいらしたんですね。山でも、海でも…先生の音は、どこにいても聞き逃しません。 コタマ(キャンプ)
100%
なんか面白いことないですか~?○○○、来ちゃいました!!に・は・は・は!! コユキ
100%
ここが今回のアルバイト先か…海は初めてだが、任せてくれ。 サオリ(水着)
100%
RABBIT2、作戦準備完了。海とはいえ、警戒任務は怠らないぞ! サキ(水着)
100%
トリニティ総合学園、シスターフッド所属の○○○です。日々に安寧があらんことを。 サクラコ
100%
待たせたわね、先生。万魔殿の情報部長、○○○よ。ふふっ、よろしく。 サツキ
100%
訓育支援部梅花園の教官、○○○です。うちの子たちをよろしくお願いいたしますね、せ・ん・せ・い? シュン
100%
こっ、子供扱いしないでください……!これでも心は変わらず、みんなのお姉さんですから! シュン(幼女)
100%
アビドスの○○○…。ん、またよろしくね、先生。 シロコ*テラー
100%
ウェイトトレーニングは科学です。ミレニアムの最先端の理論が、輝きを放つ領域なんです。 スミレ
100%
海……この時をどれほど待ちわびたことか。泡沫のひと時を楽しもうじゃないか。 セイア(水着)
100%
「最高の休暇」になるんだから!妥協はしないわよ! セリカ(水着)
100%
メリークリスマス!救護騎士団の○○○です!特別なクリスマスにしましょうね! セリナ(クリスマス)
100%
今回はガイドだよ……修行も案内も、頑張るね~ふぁー…… ツバキ(ガイド)
100%
ミレニアムサイエンススクール、C&C所属、コールサイン04。○○○です。完璧な補佐をお約束いたします。 トキ
100%
こんにちは、先生。○○○です。潜入用衣装に身を包んだエージェントとしての真髄、お見せしましょう。 トキ(バニーガール)
100%
さぁ~さぁ~皆の衆!刮目してご覧あれ♪百鬼夜行連合学院、陰陽部部長、○○○のおなーりー!……なんちゃって。にゃははっ! ニヤ
100%
あぁ???ったく、結局見つかっちまったか。こうなった以上、手伝うしかねえな。 ネル
100%
セミナーの書記、○○○です。よろしくお願いしますね、先生……様々な面で、はい。 ノア
100%
列車操縦でも線路建設でも!何でも任せてよ!パヒャヒャッ! ノゾミ
100%
あら、先生。こちらでもお会いしましたね。トリニティ総合学園、正義実現委員会の○○○。この度はトリニティを代表して実行委員を務めることになりました。何卒よろしくお願いいたします。 ハスミ(体操服)
100%
○○○です。これから色々とよろしくお願いしますね。……はい、それはもう「色々」と。 ハナコ
100%
あ、あの……ま、また来ることになりました……新年早々……すみません…… ハルカ(正月)
100%
美食研究会へようこそ。究極の味を求めて、共に冒険に出かけましょうか? ハルナ
100%
運動…そして食欲の季節!まさに美食の祭典…。この絶好の機会、堪能するより他ありませんわ。 ハルナ(体操服)
100%
電波が届かない状況…ハッカーにとっては過酷な環境だけど、ヴェリタスのメンバーだもの、この程度で諦めたりしないよ。 ハレ(キャンプ)
100%
ハイランダー鉄道がくえーん○○○……さんじょー。 ヒカリ
100%
わ、○○○と申します!頑張りますので、何なりと仰ってください! ヒナタ(水着)
100%
先生…ど、どう…?チアリーダーの衣装を作ったのは、初めてだけど…そんなに悪くは…ない? ヒビキ(応援団)
100%
部長、潜入、後方支援。全てをこなせる超天才清楚系病弱万能美少女ハッカーこと○○○――満を持して登場です。先生、お待たせいたしました。 ヒマリ(臨戦)
100%
ごきげんよう。アッ、こっちの言葉の方がより自然かもデス。ハジメマシテ! フィーナ
100%
給食部の○○○です。食べたいものがあったら、いつでも仰ってください。 フウカ
100%
先生、年越しそばは食べましたか?今年はお互い、穏やかな一年を過ごせますように。 フウカ(正月)
100%
……え、私?人違いじゃないの?はぁ。こんな怠け者に、いったい何の用なんだか……。 フブキ
100%
おや…お目が高いですね、お客様……いえ、先生!……申し遅れました。ワイルドハント芸術学院2年、○○○です。以後、お見知りおきを! フユ
100%
トリニティの正義実現委員会1年、○○○。どんな場所でも、いついかなる状況でも、全力で先生のことを支援します。 マシロ(水着)
100%
すべての出会いは必然……これからどうぞよろしくお願いします、先生。 マリー
100%
○○○、ついに登場~☆って感じかな?あっ、私と先生の仲だしアイスブレイクとかはいらないよね?これからよろしくね、先生。 ミカ
100%
……アリウススクワッドの○○○。今は主のいない猟犬みたいなものだから……リードはあげる。好きに命令して。 ミサキ
100%
暑いし、ベタベタする……。で、何するの? ミサキ(水着)
100%
先生殿~調子はどう?今回は潜入任務だよ!よろしくね! ミチル(ドレス)
100%
土木、建設、撤去……工務が必要なときは、いつでも呼んでくれ。革命とストライキなら……なお歓迎だ! ミノリ
100%
R……RABBIT4、準備完了しました。本当に……こんな格好でいいのですか……? ミユ(水着)
100%
SRT特殊学園、RABBIT小隊の○○○。くひひ……支援なら、私に任せて。 モエ
100%
ふふっ……準備万端です。今日の私の計算に、ミスはありませんよ! ユウカ(体操服)
100%
身共は○○○と申します!誇り高き百花繚乱の一員として……先生のために、誠心誠意努めてまいりましょう! ユカリ
100%
ミレニアムサイエンススクール……ゲーム開発部の○○○、です……。こ、こんな格好ですが……よろしく、お願いします……。 ユズ(臨戦)
100%
小さいからって舐めないで!将来性はものすっごいんだから! ヨシミ
100%
ミレニアムサイエンススクール、セミナーの○○○よ。最も合理的な答えを、提示してあげる。 リオ
100%
呼ばれて飛び出て!参りました!みんなのスーパースター、○○○、登場です! レイサ
100%
呼ばれて飛び出て!再び参りました!魔法少女、マジカル○○○、登場です! レイサ(マジカル)
100%
ふふ、先生、どうでしょうこのドレス?…ここは素直に褒めてくださればいいんですよ。…まあ、といっても先生の意見はあくまで参考にするだけですが。 アコ(ドレス)
50%
○○○。最近、トリニティ総合学園に転校してきたばかり。得意なことは単独行動。長所は小柄で隠れやすいところ…それぐらいかな。他に何か聞きたいことは? アズサ
50%
少女を美しくするのは、化粧ではなく熱情さ。 ウタハ
50%
百鬼夜行連合学院、陰陽部副部長、○○○と申します。どうぞよろしくお願い致します。 カホ
50%
解説や応援が必要なら、私に任せてください! コトリ(応援団)
50%
SRT特殊学園、RABBIT小隊の○○○だ。で、シャーレの教範はどこにある? サキ
50%
ようやく海に到着です~! さあ先生、たっくさん遊びましょうね! ノノミ(水着)
50%
うぇ……キャンプ……。お休みの日なのに出かけるの……? マキ(キャンプ)
50%
百花繚乱紛争調停委員会、○○○……華麗にさま~でびゅ~、ですの!びーちでも活躍して参りますわ! ユカリ(水着)
50%
ヴェリタスの副部長、○○○。もしうちの子たちが問題を起こしたら、すぐに私に知らせて。 チヒロ
33%
先生……お見せします。変わることができた私の姿を! アイリ(バンド)
0%
ハ、ハイランダー鉄道学園……う、○○○、○○○です……よろしくしないで、いいですけど…… アオバ
0%
最高のご奉仕をお約束し、ご主人様へのご挨拶と致します。 アカネ
0%
美食研究会の○○○です。これから一緒に美味しい物を食べに行きましょうか? アカリ
0%
年の暮れ……そして新年。言葉の響きに胸が躍りますね。そこに美味しいお料理があれば、言うことなしです★ アカリ(正月)
0%
ゲヘナ学園風紀委員会所属の行政官、○○○。今後は業務提携とのことで、どうぞよろしくお願いいたしますね。 アコ
0%
○○○、目標地点の海に到着。すぐに予定の任務を始める。……別に浮かれてるとか、そういうわけじゃない。 アズサ(水着)
0%
ご主人様と一緒に!楽しい一日を始めちゃおう! アスナ
0%
じゃーん!見て見て、ご主人様!バニー姿の○○○だよ! アスナ(バニーガール)
0%
……私の名前は○○○。先生は、私に何を望むの?それが私にできることなら良いけど。 アツコ
0%
アリウススクワッド、○○○。……ふふ、畏まりすぎたかな? アツコ(水着)
0%
○○○です。ただ今より、先生の支援を担当します。 アヤネ
0%
お、○○○です。ど、どうでしょうか…こういう格好は、少し恥ずかしいですね。 アヤネ(水着)
0%
勇者よ。光があなたと共にあらんことを。 アリス
0%
メイドにジョブチェンジしても、○○○は○○○です。見ていてください、先生! アリス(メイド)
0%
○○○、行きます! アリス(臨戦)
0%
ふふ、この私に協力したいと?まあ、断りはしないけど。私を雇うなら高くつくわよ?先生。 アル
0%
ふふっ、今年も私に依頼したいと?全くしょうがないわね、先生は。私の活躍、今年もすぐそばで見届けると良いわ。 アル(正月)
0%
あなたが先生か?今日から私が一緒にいてあげる。任務なら、私に任せて。 イオリ
0%
……べっ、別に遊んでるわけじゃない。偵察任務の途中だから、誤解しないで。 イオリ(水着)
0%
うわ!!私のことを探してくれてたの?一緒に美味しいもの食べに行こうよ!! イズミ
0%
あけましておめでとうー!先生!今年も美食の冒険へ、いざゆかーん! イズミ(正月)
0%
じゃじゃーん!○○○、登場っす!先生と一緒に海にこられるなんて思いもしなかったっすよ~ま、今回もよろしくっす! イチカ(水着)
0%
○○○登場!先生 おっまたせー! イブキ
0%
はあ、どうしてこんなことに……。まあこうなった以上、やることはやりますよ。 イロハ
0%
うあぁっ……!?あ、先生、でしたか……。誰かと思って、ビックリしました……。 ウイ
0%
う、うう…ただでさえ、外は苦手なのに…暑いしジメジメしてるし…これだから夏は… ウイ(水着)
0%
ミレニアムの応援団長、○○○。冷たい理性と熱い情熱で、皆を応援するとしよう。 ウタハ(応援団)
0%
こんにちは、先生。百鬼夜行連合学院所属、お祭り運営委員会の○○○……○○○です。お祭り、好きですか? ウミカ
0%
今から何をすればいい?教えて、先生。 エイミ
0%
いつもよりちょっと身体が軽いかも。涼しいからかな。 エイミ(水着)
0%
この状況下……私も、着替えないとね。どうかな、先生。似合ってる? エイミ(臨戦)
0%
ワイルドハント芸術学院、オカルト研究会の○○○と申します。世界は魔法に満ちているんです。そう、この出会いのように! エリ
0%
トリニティ総合学園、放課後スイーツ部の○○○。えっと、よろしく……お願い、します。 カズサ
0%
ワイルドハント芸術学院の○○○……。今日、会えることも……知ってたよ。私たち、赤い糸で結ばれてるからね……イヒッ。 カノエ
0%
怒ってないから、誤解しないでね。先生。顔が怖いってよく言われるんだ。 カヨコ
0%
こんにちは。あんまり……着慣れてないから、ちょっと変だったらごめん……。よろしくね、先生。 カヨコ(ドレス)
0%
元々私の主はミレニアムそのものだけど、今日だけは…先生がご主人様だ。 カリン
0%
どんな衣装だとしても、やることは変わらない。与えられたミッションを遂行する……それだけだ。 カリン(バニーガール)
0%
ヴァルキューレ警察学校、公安局局長、○○○です。任務の特性上、このような姿でご挨拶申し上げる無礼をお許しください。 カンナ(水着)
0%
百鬼夜行連合学院所属、百花繚乱の作戦参謀、○○○。今後も良好な関係でいるために、シャーレの仕事を手伝うよ。……もちろんその分、こっちも手伝ってもらうつもりだけど。そういうことだから……よろしくね、先生。 キキョウ
0%
百花繚乱の作戦参謀だもの……水泳なんて児戯に等しい。……教本は熟読しているよ。さあ、行くよ。 キキョウ(水着)
0%
山海経高級中学校、玄龍門の門主。○○○じゃ。ふふ。妾の力が必要かの? キサキ
0%
あっ!先生だ!ヤッホー!○○○だよ!あたしのこと待ってたの?あははっ!嬉しいな! キララ
0%
ヴァルキューレ警察学校所属、生活安全局ライフセーバーの○○○です!危険な状況は本官にお任せください! キリノ(水着)
0%
こんにちは、○○○です。何をそんなに慌てているんですか……?はぁ……これから、先生のことを見守らせていただきますね。 ケイ
0%
訓育支援部「梅花園」の○○○です!ち、違います!これでもれっきとした教官なんですよ!? ココナ
0%
ミレニアムサイエンススクール所属、○○○。先生の声が聞こえたので、ここに来ました。 コタマ
0%
説明や解説が必要なら、私に任せてください! コトリ
0%
○○○…。い、言っとくけど、ここに長くいるつもりはないから…! コハル
0%
せ、先生を監視しに来たの!エッチなのはダメ、禁止!絶対に許さないから…! コハル(水着)
0%
アリウススクワッドの○○○だ。…先生には色々と、世話になった。せめてその分の働きはしよう。よろしく頼む。 サオリ
0%
アリウススクワッドの○○○だ……これは、任務のために着ている。……本当だ。 サオリ(ドレス)
0%
ふふっ、驚きましたか?いかがでしょう……これまでの私とは、違うのですよ? サクラコ(アイドル)
0%
ぼく様、登場!今回の実験の被検体はどこだ? サヤ
0%
なんなのだ、せっかくの休日だったのに……ま、先生の呼び出しなら仕方ないのだ。 サヤ(私服)
0%
あ、先生。仕事前に一杯どうかな?ふふっ……お酒じゃないから安心して。 シグレ
0%
やっほ~先生、227号温泉郷へようこそ。私のことは気にせず、ゆっくりしてってね。 シグレ(温泉)
0%
えへへ、お祭り運営委員会の○○○です~。これからよろしくお願いしますね、先生?え?……ああ、はいはいそうですよ、営業用の台詞です! シズコ
0%
夏と言えば、海の家!舞台が海でも、お祭り運営委員会は止まりませんよ!○○○、行っきま~す! シズコ(水着)
0%
本の中の物語のように、私たちの物語が、始まります! シミコ
0%
ゲヘナ学園、給食部の○○○といいます。お腹が空いたら、いつでも私に言ってくださいね? ジュリ
0%
いらっしゃいませ!先生!お決まりになりましたらお呼びください!愛情を込めて、おもてなしいたします! ジュリ(アルバイト)
0%
別に協力するつもりはないんだけど。…うん?食べ物くれるの?どんなの?どんなやつ? ジュンコ
0%
先生、あけましておめでとうー!一緒においしいもの、探しに行きましょ! ジュンコ(正月)
0%
アビドス対策委員会2年生○○○。よろしく。 シロコ
0%
あっ。うん、ライディング中だったの。先生も一緒にどう?まずは軽く200kmくらい。 シロコ(ライディング)
0%
釣りの時間だよ、先生。行こう。 シロコ(水着)
0%
自警団任務の延長ですね。トリニティの安全のためなら、いくらでも協力します。 スズミ
0%
こ、これも自警団任務の延長……です。トリニティと先生の安全のために、尽力いたします。 スズミ(マジカル)
0%
○○○です。お困りの際には、あなたの力になりましょう。まあ……あくまで、「アリウス流」ですが。 スバル
0%
いらしていたのですね、トレーナー。喉が渇いた時は、遠慮なく声をかけてください。 スミレ(アルバイト)
0%
久方ぶりの邂逅……きっと、こう言うべきなのだろうね。待ちわびたよ、先生。 セイア
0%
ゲヘナ学園救急医学部の部長、○○○です。以後お見知りおきを。 セナ
0%
こんにちは、先生。ゲヘナ学園救急医学部所属の○○○です。今日はお休みなので……よかったら一緒にお出かけしませんか? セナ(私服)
0%
○○○よ。言っとくけど私が一緒になる以上真面目にやってよね? セリカ
0%
これ?巫女さんの格好だよ。えっ……コスプレ?ち、違うってば!れっきとしたアルバイト! セリカ(正月)
0%
ケガをされた方はいらっしゃいますか?私がすぐに駆け付けますよ。 セリナ
0%
ごきげんよう、先生。レッドウィンター連邦学園、出版部所属の○○○と申します。よろしくお願い致しますわね。 タカネ
0%
号外!ごうが~い!万魔殿の書記、○○○がシャーレに到着しましたよ~! チアキ
0%
レッドウィンター連邦学園、書記長のお出ましだ!光栄に思うがいい、カムラッド! チェリノ
0%
どれだけ寒い場所だとしても関係ない!なんたっておいらは、レッドウィンター連邦学園の偉大な書記長だからな! チェリノ(温泉)
0%
えーっと…それで、今から何をすればいいの? チセ
0%
さっき…海辺でしゃかしゃか歩く、ワタリガニさんを見つけたの。先生、一緒に見にいこ? チセ(水着)
0%
試練が怖いとき、苦難に負けそうなとき、私が一緒に立ち向かってあげましょう。 チナツ
0%
過ぎたるは猶及ばざるが如し……今日だけは仕事を忘れて、私とひと休み、しませんか? チナツ(温泉)
0%
こんにちは……○○○、です……。一応、忍術研究部の部員で……よろしく、お願いします……。 ツクヨ
0%
○○○、です!ドレスを着てはいますが……正真正銘、忍術研究部の一員、です……! ツクヨ(ドレス)
0%
夢かと思った、今この瞬間…。こんにちは。先生。これからよろしくね。 ツバキ
0%
きひひひひひひいっ~~きゃははははは! ツルギ
0%
きひひっ……あっ、せ、先生……!? ツルギ(水着)
0%
パーフェクトメイド、パーフェクトリコン。○○○です。大船に乗ったつもりでお任せください。 トキ(臨戦)
0%
こうしてお会いできて光栄です、先生。よろしければご挨拶代わりに、チェリノ会長のこれまでの偉業についてお聞きになられますか? トモエ
0%
レッドウィンター……いや、山海経へようこそ。髭の威厳に恥じぬよう、誠心誠意、お力添えいたしますね。 トモエ(チーパオ)
0%
ごきげんよう。トリニティ総合学園、ティーパーティーのホストを務めております○○○と申します。微力ながら先生のお役に立てるよう尽力してまいります。 ナギサ
0%
ごきげんよう、先生。このたびの休息が、心穏やかなものとなりますよう祈っております。 ナギサ(水着)
0%
百鬼夜行連合学院、百花繚乱紛争調停委員会――○○○。この力は、みんなを守るためにある。 ナグサ
0%
やあやあ、会えて嬉しいよ先生。今日もキャンディーみたいな、甘ーい1日になりそうだぁ。 ナツ
0%
やあやあ、先生。私のステージへようこそ。……このリズムについて来れるかな? ナツ(バンド)
0%
ったく、なんでこんな変な服を…ま、意外と動きやすいから良いけどな、ははっ! ネル(バニーガール)
0%
ミレニアムサイエンススクールの○○○、ただいま参上したぜ、っと……。あぁ?この服?なにかおかしいっていうのか? ネル(制服)
0%
先生の日々を記録しに参りました。ミレニアムサイエンススクール、セミナー書記の○○○です。今夜もどうか、よろしくお願いいたしますね。ふふっ。 ノア(パジャマ)
0%
ずっと望遠鏡越しで見ていた、あの先生で合ってますか……?私、感激です……! ノドカ
0%
227号温泉郷へようこそおいでくださいました、先生。この○○○、温泉郷の女将として真心を込めておもてなしさせていただきます。 ノドカ(温泉)
0%
うんうん、やっと到着!よろしくお願いします、先生! ノノミ
0%
正義実現委員会、○○○。先生の指示をお待ちしております。 ハスミ
0%
トリニティ総合学園、正義実現委員……いえ。このような場に、堅苦しい挨拶は不釣り合いですね。○○○です。改めまして、よろしくお願いいたします。 ハスミ(水着)
0%
白衣の天使が!あなたを訪ねて来ましたよ!! ハナエ
0%
メリークリスマ~ス!サンタさんの代わりに、○○○が来ましたよ! ハナエ(クリスマス)
0%
冷たい水を浴びると、気持ちまでスッキリしますよ♡先生も……水遊び……いかがですか? ハナコ(水着)
0%
あの、私が来てもよかったんでしょうか?邪魔だと思いましたら、い、いつでも仰ってください…。 ハルカ
0%
ふふっ、あけましておめでとうございます。振袖姿に花を咲かせ、心新たに未知の食を求めに参りましょう。 ハルナ(正月)
0%
会えて嬉しい、先生。ミレニアムの力を、先生に見せてあげる。 ハレ
0%
風紀委員長の○○○。私の名前は知ってると思うけど…。よろしく。 ヒナ
0%
ゲヘナ学園所属、風紀委員長の○○○。その……先生が選んでくれたドレスを着て、みたんだけど。似合って、るかな……? ヒナ(ドレス)
0%
ゲヘナの風紀委員長、○○○。……これはあくまで、夏のトレーニング合宿のための格好だから。 ヒナ(水着)
0%
わ、○○○と申します……よろしくお願いします…… ヒナタ
0%
今頃だと予測して、待ってた。先生が私の名前を呼んでくれる…今この瞬間を。 ヒビキ
0%
あはは…至らない私ですがよろしくお願いします。 ヒフミ
0%
あ、相変わらず地味めな私ですが……よろしくお願いします! ヒフミ(水着)
0%
ヴェリタスの部長兼、特異現象捜査部の部長…ミレニアム最高の天才清楚系病弱美少女ハッカーの○○○と申します。ふふっ、よろしくお願いしますね、先生。 ヒマリ
0%
えへへ……何だかんだで、来てしまいました……これからも辛いですよね?苦しいんですよね?ですが、それが人生のようですし……仕方ないですね。○○○です、よろしくお願いいたします……えへへ。 ヒヨリ
0%
え、えへへ、結局来てしまいました……!夏、海……幸せです……! ヒヨリ(水着)
0%
百鬼夜行連合学院、お祭り運営委員会の○○○!皆さんをご案内しマス! フィーナ(ガイド)
0%
うげっ、ま~た面倒な仕事させる気……?まぁ、先生の頼みなら一応付き合うけどさぁ…… フブキ(水着)
0%
ふぁ~、適当にやろうよ~ゆとりが大事なんだから~ ホシノ
0%
ふぁあ~…あ、先生~。せっかくなんだし、のんびり行こうよ~ ホシノ(水着)
0%
いやー、大事になっちゃったね~これは…おじさんが出なきゃいけないね。 ホシノ(臨戦)
0%
や、先生!一緒にグラフィティ描きに行かな~い? マキ
0%
遂に降臨してやったぞ!キキキッ、万魔殿の○○○様が直々に足を運んでやったのだ、手厚く歓待するが良い。 マコト
0%
正義実現委員会1年生○○○、お呼びが掛かりましたのでこちらに。未熟者ですが、いついかなる時もベストを尽くします。 マシロ
0%
健全な精神を育成するべく肉体を育む……その行く道にご加護があらんことを。 マリー(体操服)
0%
アイドルはあまりやったことがありませんが……精いっぱい努めて参りますね。よろしくお願いいたします、先生! マリー(アイドル)
0%
私を呼んだのは先生か。チェリノ会長からの指示書は持っているな? マリナ
0%
レッドウィンター連邦学園の保安委員長として…真の勇姿を見せてやろう! マリナ(チーパオ)
0%
○○○、水着姿で再登場~☆って感じかな?これからもよろしくね、先生! ミカ(水着)
0%
ふふふっ……おっ待たせ―!忍術研究部部長、○○○……ここに参上!これからよろしくね、先生殿! ミチル
0%
最高のプレイで先生をお手伝いしますね。 ミドリ
0%
今日は……メイドになってみました。よろしくお願いいたします……ご主人様。 ミドリ(メイド)
0%
山海経高級中学校所属、玄龍門の執行部長、○○○だ。我々の行く手を阻むものは、全て私が処理しよう! ミナ
0%
救護騎士団団長、○○○と申します。救護が必要な方はどちらでしょうか? ミネ
0%
救護騎士団…いえ、アンティーク・セラフィムのメンバー。○○○と申します。どうぞよろしくお願いいたします。 ミネ(アイドル)
0%
ふふっ。ごきげんよう、先生。修行部の○○○です。これから、末永くよろしくお願いいたしますね。 ミモリ
0%
夏……海……楽しみでいっぱいですね、先生。も、もちろん修行も忘れていませんよ。 ミモリ(水着)
0%
SRT特殊学園、RABBIT小隊の○○○です。先生、ご指示を。 ミヤコ
0%
こちらRABBIT1。着替え完了しました。これより、潜入作戦を開始します。 ミヤコ(水着)
0%
SRT特殊学園、RABBIT小隊の○○○、です……あの、もう帰……っちゃ、だめですよね…… ミユ
0%
わ、ワイルドハント芸術学院、○○○と申します。ど、どうして私が呼ばれたのか分かりませんが……よろしくお願いします。 ミヨ
0%
じゃーん!ついに登場!さぁ、これから楽しく遊ぼう、先生! ムツキ
0%
あははっ!お待たせ、先生!今年もたーっくさん、私と遊んでくれるよねっ? ムツキ(正月)
0%
やっほ~!どこ削ってほしい?それとも掘り起こしとく?なんでも言って~! メグ
0%
やっほー!私は知識解放戦線の○○○!○○○って呼んでもいいよ、あ、そっちはHN(ハンドルネーム)ね。よろしく、先生。 メル
0%
RABBIT3、現場に到着~くひひ……海の上なら、思いっきり爆弾を使っても問題ないよね? モエ(水着)
0%
レッドウィンター連邦学園、知識解放戦線の○○○、○○○です……世の全ての知識を守るために……一緒に戦いましょう! モミジ
0%
これから、すっごく面白い物語が始まるよ! モモイ
0%
メイドって先生はどう思う?物語のネタとして、最高じゃない? モモイ(メイド)
0%
印刷、製本、管理、流通—―本に関してのご相談はレッドウィンター出版部部長、○○○までお気軽にどうぞ。ムフフ。 ヤクモ
0%
条件はクリアされました。私たちは今日この瞬間を絆と定義し、証明することになるでしょう。 ユウカ
0%
こんな時間に呼び出すなんて……も、もちろん全然大丈夫ですけど!今日の件は、後日ちゃんと埋め合わせしてもらいますから、覚悟しててくださいね? ユウカ(パジャマ)
0%
ゲーム開発部、部長……○○○です。ほ、本当に……わたしを連れてってくれるんですか? ユズ
0%
○○○……です。色々あって……今はこの格好をしています。よろしく、お願いします…… ユズ(メイド)
0%
期待していいから…いや期待して!私の演奏!! ヨシミ(バンド)
0%
ジャブジャブヘルメット団のリーダー、河駒風ラブよ。ちょ、先生!!近いってば!離れて!! ラブ
0%
電子の領域を制する最も合理的な答えを、貴方に見せてあげる。 リオ(臨戦)
0%
ボク、ワイルドハント芸術学院の○○○!よろしくねっ! リツ
0%
あたしの名前は朱城ルミ。山海経高級中学校の玄武商会で会長をやってるんだ。気軽に○○○って呼んでね。 ルミ
0%
ミレニアムサイエンススクール、4番バッター、○○○です。目指すは……打率1割、です! レイ
0%
山海経高級中学校、玄武商会本店のマネージャー兼、護衛の○○○です。改めまして、よろしくお願いします。先生。 レイジョ
0%
百鬼夜行連合学院所属、百花繚乱の切り込み隊長、○○○、ここに参上!先生、いや、師匠の手伝いも「青春活動」も全力でいくから!よろしくな! レンゲ
0%
夏の青春活動っていえば、海しかないよな!皆、準備はいい? レンゲ(水着)
0%
うふふ……ようやく見つけました。もう逃がしませんわ、あなた様♥ もう私のお傍から、離れないでくださいね……? ワカモ
0%
たとえ暑い日差しの下でも、冷たい水の中でも…どこへでも付き従いますわ。ですのでこの夏も、私わたくしから離れないでくださいね?あ・な・た・様♥ ワカモ(水着)
0%
みんなのために歌うバーチャル・シンガー、○○○です!よろしくお願いします! 初音ミク
0%
常盤台中学2年、○○○。私の手伝いが必要なら言ってちょうだい。 御坂美琴
0%
こんにちは、先生!柵川中学1年、○○○です!よろしくお願いします! 佐天涙子
0%
あら、自己紹介はしたはずだけど……もしかして覚えてないのかしら?うふふっ。 食蜂操祈
0%
No matching quizzes found
Score Distribution
Percent of People with Each Score
Percentile by Number Answered
Your Score History
You have not taken this quiz